00391nam a2200109 a 450000100100000000500170001000800410002704000250006824500730009326000870016630000280025300000798520200929154359.0090914s1987 dr a 000 0 spa d aDO-SdBNPbspacBNPHU00aDominican Republic :binvestors handbook and business guide 1986-87. aSanto Domingo, :bAmerican chamber of commerce of the dominican republic,c[1987]. a334 p. :bil. ;c23 cm.